Estudio del mercado mundial de camarones, gambas y langostino (Registro nro. 6409)

Detalles MARC
000 -LEADER
fixed length control field 01110 a2200205 4500
001 - CONTROL NUMBER
control field 58211
005 - DATE AND TIME OF LATEST TRANSACTION
control field 20260407155840.0
008 - FIXED-LENGTH DATA ELEMENTS--GENERAL INFORMATION
fixed length control field 260407a1983 arg spa d
003 - CONTROL NUMBER IDENTIFIER
control field AR-UNSa-BCEJYS
040 ## - CATALOGING SOURCE
Original cataloging agency AR-UNSa-BCEJYS
Language of cataloging spa
Transcribing agency AR-UNSa-BCEJYS
080 ## - UNIVERSAL DECIMAL CLASSIFICATION NUMBER
Universal Decimal Classification number 338.439
Common auxiliary subdivision Economía de la producción y provisión de alimentos. Economía de la industria alimentaria. Aspectos económicos de la alimentación. Abastecimiento. Oferta (Carne, leche...)
041 ## - LANGUAGE CODE
Language code of text/sound track or separate title spa
100 1# - MAIN ENTRY--PERSONAL NAME
Personal name Centro de Comercio Internacional (CCI)
245 10 - TITLE STATEMENT
Title Estudio del mercado mundial de camarones, gambas y langostino
264 #1 - PRODUCTION, PUBLICATION, DISTRIBUTION, MANUFACTURE, AND COPYRIGHT NOTICE
Place of production, publication, distribution, manufacture Ginegra :
Name of producer, publisher, distributor, manufacturer CCI (Centro de Comercio Internacional)
Date of production, publication, distribution, manufacture, or copyright notice 1983
300 ## - PHYSICAL DESCRIPTION
Extent xvii, 304 p.
Dimensions 23 cm.
505 ## - FORMATTED CONTENTS NOTE
Formatted contents note 1. Resumen de las principales conclusiones – 2. Recomendaciones – 3. Producción regional y nacional – 4. Bélgica – 5. Francia – 6. República Federal de Alemania – 7. Italia – 8. Países bajos – 9. España – 10. Reino unido – 11. Estados unidos de América – 12. Japón – 13. Hong Kong – 14. Australia
590 ## - LOCAL NOTE (RLIN)
Local note niveau_biblio:m niveau_hierar:0
942 ## - ADDED ENTRY ELEMENTS (KOHA)
Koha item type
Existencias
Withdrawn status Lost status Damaged status Not for loan Home library Current library Shelving location Date acquired Total checkouts Full call number Barcode Date last seen Price effective from Koha item type
        Biblioteca Prof. Eusebio Cleto del Rey Biblioteca Prof. Eusebio Cleto del Rey   07/04/2026   338.439 C397c L128919 07/04/2026 07/04/2026 Libro